000 01184cam a2200217 4500
001 ABS64785
008 011120n2001 000 0 eng u
035 _a(Sirsi) u115630
100 _aTai Ming Yang, E.
245 _aHow to challenge an arbitrator's jurisdiction under the English Arbitration Act 1996 (Part 2)
260 _c2001
490 _aAsian Dispute Resolution
_v September 2001, 51-53(3)
520 _aThe article considers security for costs in relation to the arbitration application. With reference to the following case law: "Azov Shipping Co v Baltic Ahipping Co" (1999); "Metal Scrap Trade Corporation v Kate Shipping Co Ltd" (1990); "Compagnie Nouvelle France Navigation SA v Compagnie Navale Afrique Du Nord" (1996); "Industrie Chimiche Italia Centrale v Alexander G Tsavliris and Sons Maritime Co Pancristo Shipping Co SA and Bula Shipping Corporation" (1987) and "Union De Remorquage et De Sauvetage SA v Lake Avery Inc" (1997).
590 _aABS
650 _aENGLISH ARBITRATION ACT 1996 (PART 2)
650 _aSECURITY FOR COSTS
650 _aJURISDICTION
650 _aARBITRATION PROCEEDINGS
690 _aDispute resolution
_96236
942 _n0
999 _c68860
_d68860